| 000 | 00638nam a22001817a 4500 | ||
|---|---|---|---|
| 003 | AUA.1 | ||
| 005 | 20251121111604.0 | ||
| 008 | 251121b |||||||| |||| 00| 0 eng d | ||
| 020 | _a9781839732126 | ||
| 040 | _cJTL | ||
| 050 |
_aBS1151.52 _b.E38 2024 |
||
| 100 |
_aEaton, Michael A. _918842 |
||
| 245 |
_aThe branch exposition of the Bible : _ba preacher's commentary of the Old Testament / _cMichael A. Eaton. |
||
| 260 |
_aCumbria, UK : _bLangham Global Library; _cc2024. |
||
| 300 |
_axviii, 1722 pages : _c24 cm. |
||
| 650 |
_aBible. _vOld Testament _xCommentaries _952986 |
||
| 942 |
_2lcc _cREF _hBS 1151.52 _i.E38 2024 |
||
| 999 |
_c25287 _d25287 |
||